[Event "OLNO 1718 TuS Makkabi Berlin - FHSH Str"]
[Site "?"]
[Date "2017.11.12"]
[Round "3.3"]
[White "Hubert, Peter"]
[Black "Kiesekamp, Marcos"]
[Result "0-1"]
[WhiteElo "2074"]
[BlackElo "2329"]
[PlyCount "78"]
[EventDate "2017.??.??"]

1. Nf3 Nf6 2. g3 c5 3. c4 e6 4. Bg2 d5 5. O-O Be7 6. cxd5 exd5 7. d4 b6 8. Nc3
Nc6 9. Bf4 O-O 10. h3 Be6 11. g4 Rc8 12. e3 Ne4 13. Rc1 cxd4 14. Nxd4 Nxd4 15.
exd4 f5 16. f3 Nd6 17. Qe2 Bf7 18. b3 g5 19. Be5 f4 20. Rfe1 Re8 21. Qa6 Bf6
22. Bf1 Bxe5 23. Rxe5 Rxe5 24. dxe5 d4 25. Ne2 Rxc1 26. Nxc1 Nc8 27. Bc4 Qc7
28. Nd3 Bxc4 29. bxc4 Qd7 30. c5 Kf7 31. Qc4+ Qe6 32. Qxd4 Qxa2 33. Qd7+ Ne7
34. cxb6 axb6 35. Qd6 Qe6 36. Qd4 Qd5 37. Qc3 Nc6 38. Kf2 Qd4+ 39. Qxd4 Nxd4 {
Zeit.} 0-1

[Event "OLNO 1718 TuS Makkabi Berlin - FHSH Str"]
[Site "?"]
[Date "2017.11.12"]
[Round "3.4"]
[White "Gazmaga, Stefan"]
[Black "Glawe, Hartmut"]
[Result "1/2-1/2"]
[WhiteElo "2174"]
[BlackElo "2008"]
[PlyCount "101"]
[EventDate "2017.??.??"]

1. c4 Nf6 2. Nf3 e6 3. b3 d5 4. Bb2 c5 5. e3 Nc6 6. Be2 d4 7. exd4 cxd4 8. d3
Bc5 9. O-O O-O 10. Re1 h6 11. Nbd2 e5 12. a3 a5 13. Nf1 Bf5 14. Ng3 Bh7 15. Bf1
Re8 16. Nd2 Re6 17. Bc1 Bf8 18. Rb1 Nd7 19. Qg4 Qf6 20. Qh3 Qg6 21. Be2 Nc5 22.
Nde4 Nxe4 23. Nxe4 Ree8 24. Bh5 Qe6 25. Qg3 Kh8 26. f4 g6 27. Bg4 f5 28. Bh3
Qf7 29. Nf2 g5 30. fxg5 e4 31. dxe4 fxe4 32. Ng4 e3 33. Ra1 hxg5 34. Bb2 Qf4
35. Nxe3 Bg7 36. Qxf4 gxf4 37. Nf5 Bf6 38. Nd6 Re3 39. Rxe3 fxe3 40. Bf5 Bg8
41. Be4 Rb8 42. a4 Be5 43. Nb5 d3 44. Bxe5+ Nxe5 45. Nc3 d2 46. Kf1 Nxc4 47.
Ke2 Nd6 48. Kxe3 Nxe4 49. Kxe4 Bxb3 50. Ke3 Rd8 51. Ke2 1/2-1/2

[Event "OLNO 1718 TuS Makkabi Berlin - FHSH Str"]
[Site "?"]
[Date "2017.11.12"]
[Round "3.5"]
[White "Kohn, Andreas"]
[Black "Krefenstein, Sergej"]
[Result "0-1"]
[WhiteElo "1973"]
[BlackElo "2172"]
[PlyCount "62"]
[EventDate "2017.??.??"]

1. e4 e5 2. d4 exd4 3. c3 Qe7 4. Qe2 Nc6 5. Nf3 d6 6. cxd4 Bg4 7. d5 Nd4 8. Qd3
Nxf3+ 9. gxf3 Bd7 10. Be3 g6 11. Bd4 Nf6 12. Nd2 Bg7 13. Be2 O-O 14. O-O-O c5
15. dxc6 bxc6 16. Nc4 Be6 17. Qe3 Rfd8 18. b3 d5 19. Bc5 Qc7 20. Nb2 Qa5 21.
Na4 Nd7 22. Bd4 Bxd4 23. Qxd4 Rab8 24. Qc3 Qb4 25. Qxb4 Rxb4 26. Bd3 Ne5 27.
Nc5 Nxf3 28. Be2 Nd4 29. Nxe6 Nxe2+ 30. Kd2 fxe6 31. Kxe2 Rxe4+ 0-1

[Event "OLNO 1718 TuS Makkabi Berlin - FHSH Str"]
[Site "?"]
[Date "2017.11.12"]
[Round "3.6"]
[White "Sawlin, Michail"]
[Black "Paulowitz, Bernd-Rainer"]
[Result "1-0"]
[WhiteElo "2206"]
[BlackElo "1903"]
[PlyCount "65"]
[EventDate "2017.??.??"]

1. e4 c5 2. Nf3 Nc6 3. d4 cxd4 4. Nxd4 Nf6 5. Nc3 e5 6. Ndb5 d6 7. Bg5 a6 8.
Na3 b5 9. Nd5 Be7 10. Bxf6 gxf6 11. c4 b4 12. Nc2 Rb8 13. b3 f5 14. Bd3 f4 15.
Qh5 Be6 16. g3 Bf6 17. Qh6 Bg5 18. Qh5 Bf6 19. Be2 Rg8 20. O-O-O fxg3 21. hxg3
Bg5+ 22. Kb1 Rg7 23. Bg4 Kf8 24. Bxe6 fxe6 25. Nde3 Rbb7 26. c5 Bxe3 27. Rxd6
Rbd7 28. Rxc6 Bxf2 29. Rf1 Rdf7 30. Qxe5 Bxg3 31. Rxf7+ Kxf7 32. Qxe6+ Kf8 33.
Rc8 1-0

[Event "OLNO 1718 TuS Makkabi Berlin - FHSH Str"]
[Site "?"]
[Date "2017.11.12"]
[Round "3.7"]
[White "Giese, Lothar"]
[Black "Emig, Edgar"]
[Result "0-1"]
[WhiteElo "1903"]
[BlackElo "2128"]
[PlyCount "82"]
[EventDate "2017.??.??"]

1. c4 c5 2. Nc3 g6 3. g3 Bg7 4. Bg2 Nc6 5. d3 d6 6. e4 h5 7. h4 Bg4 8. f3 Bd7
9. Nge2 Nd4 10. Be3 Rb8 11. Bxd4 cxd4 12. Nd5 Nh6 13. Qd2 e6 14. Ndf4 O-O 15.
Nh3 e5 16. Qb4 b5 17. Qd2 bxc4 18. dxc4 a5 19. b3 f5 20. Ng5 fxe4 21. Nxe4 Bf5
22. Ng5 Nf7 23. Nxf7 Rxf7 24. O-O Ra7 25. Rad1 Qb6 26. Kh2 Qb4 27. Qg5 Kh7 28.
Qd2 a4 29. Nc1 axb3 30. axb3 Bh6 31. f4 Bg7 32. Qe2 Qc3 33. fxe5 Bc2 34. Be4
Bxd1 35. Rxd1 Kh6 36. Rd3 Qxc1 37. Rxd4 Bxe5 38. Rd1 Ra2 39. Qxa2 Qxd1 40. Qa7
Qe2+ 41. Bg2 Rxb3 0-1

[Event "OLNO 1718 TuS Makkabi Berlin - FHSH Str"]
[Site "?"]
[Date "2017.11.12"]
[Round "3.8"]
[White "Schmidt, Jevgen"]
[Black "Manke, Karsten"]
[Result "0-1"]
[WhiteElo "1872"]
[BlackElo "1823"]
[PlyCount "60"]
[EventDate "2017.??.??"]

1. Nf3 d5 2. d4 Nf6 3. c4 c6 4. Qc2 Bg4 5. Qb3 Qc8 6. Ne5 e6 7. Bg5 Nbd7 8. Nc3
Bf5 9. cxd5 exd5 10. Rc1 Be7 11. Bf4 O-O 12. h3 Re8 13. g4 Be4 14. f3 Bg6 15.
h4 Nxe5 16. dxe5 Nxg4 17. h5 Qf5 18. Bg3 Bg5 19. Rd1 Nxe5 20. Bh3 Nxf3+ 21. Kf2
Be3+ 22. Kg2 Nh4+ 23. Bxh4 Qxh5 24. Bg3 d4 25. Bd7 Qg5 26. Bxe8 dxc3 27. Rxh7
Be4+ 28. Kh2 Kxh7 29. Qxf7 Rxe8 30. Qxe8 Qh6+ 0-1

[Event "OLNO 1718 SK König Tegel II - Greifswal"]
[Site "?"]
[Date "2017.11.12"]
[Round "3.1"]
[White "Mueller, Nick"]
[Black "Berger, Steve"]
[Result "1/2-1/2"]
[WhiteElo "2268"]
[BlackElo "2418"]
[PlyCount "71"]
[EventDate "2017.??.??"]

1. e4 e6 2. d4 d5 3. Nc3 Bb4 4. e5 c5 5. a3 Bxc3+ 6. bxc3 Qa5 7. Bd2 Qa4 8. Qg4
Kf8 9. Nf3 Nc6 10. Be2 Qxc2 11. dxc5 Nh6 12. Qf4 Qf5 13. O-O Qxf4 14. Bxf4 Nf5
15. Bd3 Nfe7 16. Rfe1 h6 17. h4 Ke8 18. Rab1 Kd8 19. Nd4 Nxd4 20. cxd4 Nc6 21.
Be3 h5 22. Kh2 Kc7 23. Rec1 Bd7 24. Rb2 Raf8 25. Rcb1 Rb8 26. Be2 Ne7 27. Bg5
Nc6 28. Rd2 Rbf8 29. Bb5 Re8 30. Rdb2 Bc8 31. Rd1 Rhf8 32. Rd3 Bd7 33. Bd2 Rb8
34. Bg5 Rbe8 35. Bd2 Rb8 36. Bg5 1/2-1/2

[Event "OLNO 1718 SK König Tegel II - Greifswal"]
[Site "?"]
[Date "2017.11.12"]
[Round "3.2"]
[White "Breier, Andreas"]
[Black "Weber, Max"]
[Result "1/2-1/2"]
[WhiteElo "2375"]
[BlackElo "2264"]
[PlyCount "85"]
[EventDate "2017.??.??"]

1. Nf3 c5 2. c4 Nc6 3. g3 g6 4. Bg2 Bg7 5. O-O e6 6. Nc3 Nge7 7. Nb5 d5 8. d4
cxd4 9. cxd5 Nxd5 10. Nbxd4 Nxd4 11. Nxd4 O-O 12. e4 Nb6 13. Nf3 Qxd1 14. Rxd1
Bd7 15. Rb1 Bc6 16. Nd4 Rfd8 17. Be3 Nc4 18. Nxc6 bxc6 19. Rxd8+ Rxd8 20. Bg5
f6 21. Bf4 e5 22. Bf1 exf4 23. Bxc4+ Kf8 24. gxf4 Rd4 25. Bf1 Rxe4 26. Rc1 f5
27. b3 Bd4 28. Rxc6 Rxf4 29. Rc2 Re4 30. Kg2 Re1 31. Rd2 Bb6 32. Bc4 Ke7 33.
Bb5 Kf6 34. b4 Rb1 35. a3 Rb3 36. Ra2 Bd4 37. Bc4 Rb2 38. Rxb2 Bxb2 39. a4 Ke5
40. Kf3 g5 41. Be2 Bc3 42. b5 Ba5 43. h3 {(=)} 1/2-1/2

[Event "OLNO 1718 SK König Tegel II - Greifswal"]
[Site "?"]
[Date "2017.11.12"]
[Round "3.3"]
[White "Leisner, Hannes"]
[Black "Giemsa, Stephan"]
[Result "1/2-1/2"]
[WhiteElo "2241"]
[BlackElo "2279"]
[PlyCount "50"]
[EventDate "2017.??.??"]

1. Nf3 d5 2. c4 d4 3. g3 Nc6 4. Bg2 e5 5. d3 Bb4+ 6. Nfd2 a5 7. Na3 Nf6 8. O-O
O-O 9. Nc2 Be7 10. a3 Bf5 11. Rb1 Qd7 12. b4 axb4 13. axb4 Bh3 14. b5 Bxg2 15.
Kxg2 Nd8 16. Nf3 Qe6 17. Bg5 Nd7 18. Bxe7 Qxe7 19. Qd2 Ne6 20. e3 Qd6 21. exd4
exd4 22. Ra1 Ndc5 23. Rxa8 Rxa8 24. Ra1 Rxa1 25. Nxa1 h6 {(=)} 1/2-1/2

[Event "OLNO 1718 SK König Tegel II - Greifswal"]
[Site "?"]
[Date "2017.11.12"]
[Round "3.4"]
[White "Dimitrijeski, Boris"]
[Black "Teschke, Olaf"]
[Result "1/2-1/2"]
[WhiteElo "2294"]
[BlackElo "2231"]
[PlyCount "34"]
[EventDate "2017.??.??"]

1. d4 Nf6 2. c4 e5 3. dxe5 Ng4 4. Bf4 Bb4+ 5. Nd2 d6 6. exd6 Qf6 7. e3 Nxf2 8.
Kxf2 g5 9. Ne4 Qxb2+ 10. Be2 gxf4 11. Qd4 Qxd4 12. exd4 Bxd6 13. Nxd6+ cxd6 14.
Bf3 Nc6 15. Ne2 Bf5 16. Rhd1 O-O-O 17. Nxf4 Na5 {(=)} 1/2-1/2

[Event "OLNO 1718 SK König Tegel II - Greifswal"]
[Site "?"]
[Date "2017.11.12"]
[Round "3.5"]
[White "Bartolomaeus, Christian"]
[Black "Lorenz, Sascha"]
[Result "0-1"]
[WhiteElo "2234"]
[BlackElo "2219"]
[PlyCount "80"]
[EventDate "2017.??.??"]

1. c4 e5 2. Nc3 Nf6 3. g3 Bb4 4. Bg2 O-O 5. Qb3 Na6 6. a3 Bxc3 7. Qxc3 Re8 8.
e4 c6 9. d3 d5 10. b4 dxc4 11. dxc4 Qd4 12. Bb2 Be6 13. Rc1 Qxc3+ 14. Rxc3 c5
15. b5 Nc7 16. Ne2 Nd7 17. Rc2 f6 18. Nc1 a6 19. bxa6 Rxa6 20. Nb3 b5 21. Nd2
b4 22. axb4 cxb4 23. f4 exf4 24. gxf4 Nc5 25. O-O Ra2 26. Rf3 b3 27. Nxb3 Na4
28. Nd2 Rb8 29. Ra3 Raxb2 30. Rxb2 Rxb2 31. Rxa4 Rxd2 32. f5 Bd7 33. Ra7 Ne8
34. e5 fxe5 35. Bd5+ Rxd5 36. cxd5 Nf6 37. Ra8+ Kf7 38. Ra7 Ke7 39. Ra5 Bxf5
40. Kg2 Bd7 0-1

[Event "OLNO 1718 SK König Tegel II - Greifswal"]
[Site "?"]
[Date "2017.11.12"]
[Round "3.6"]
[White "Dimitrijeski, Kristian"]
[Black "Stubbe, Wilko"]
[Result "1/2-1/2"]
[WhiteElo "2155"]
[BlackElo "2173"]
[PlyCount "174"]
[EventDate "2017.??.??"]

1. d4 Nf6 2. c4 c5 3. d5 b5 4. cxb5 d6 5. Nc3 g6 6. e4 Bg7 7. Nf3 O-O 8. a4 a6
9. Qc2 axb5 10. Bxb5 Na6 11. O-O Nb4 12. Qe2 Ba6 13. Bxa6 Rxa6 14. Nb5 Ne8 15.
Bd2 Bxb2 16. Rab1 Bg7 17. Bxb4 cxb4 18. Rxb4 Ra8 19. Rc1 Qd7 20. Nfd4 Kh8 21.
Rbc4 e5 22. dxe6 fxe6 23. Nf3 d5 24. exd5 exd5 25. Rb4 Rc8 26. Rxc8 Qxc8 27.
Qd1 Qc5 28. Rb1 Nf6 29. Rc1 Qb4 30. Qd4 Qb3 31. Qd1 Qb4 32. Rb1 Qc5 33. Qd4 Qc2
34. Qd1 Qc5 35. Rc1 Qb4 36. Qd4 Qb3 37. Qd1 Qb4 38. Nbd4 Re8 39. Rb1 Qc3 40.
Rc1 Qa3 41. Ra1 Qb2 42. Qc1 Qb4 43. h3 Ne4 44. Qc6 Rf8 45. Qxd5 Nc3 46. Qd7
Ne2+ 47. Nxe2 Bxa1 48. Ng3 Bf6 49. Qc6 Qc3 50. Qd6 Rd8 51. Qe6 Bg7 52. h4 Qa1+
53. Kh2 Qxa4 54. h5 Re8 55. Qd5 Qa8 56. Qc4 Qc8 57. Qd5 Qd8 58. Qb5 Qb8 59. Qd5
Rd8 60. Qe6 Qd6 61. Qg4 Rf8 62. hxg6 Qxg6 63. Qc4 Qb6 64. Ne4 Qh6+ 65. Kg1 Qf4
66. Nfg5 Be5 67. g3 Qf5 68. f4 Bg7 69. Nd6 Qb1+ 70. Kh2 Bf6 71. Ngf7+ Kg7 72.
f5 Rb8 73. Kh3 Qh1+ 74. Kg4 h5+ 75. Kf4 Qg2 76. Ne4 Rb1 77. Nxf6 Rf1+ 78. Ke5
Qxg3+ 79. Ke6 Re1+ 80. Ne4 Rxe4+ 81. Qxe4 Qb3+ 82. Qd5 Qxd5+ 83. Kxd5 Kxf7 84.
Ke4 Kf6 85. Kf4 h4 86. Kg4 h3 87. Kxh3 Kxf5 1/2-1/2

[Event "OLNO 1718 SK König Tegel II - Greifswal"]
[Site "?"]
[Date "2017.11.12"]
[Round "3.7"]
[White "Kuersten, Ruediger"]
[Black "Anibar, Ahmed"]
[Result "0-1"]
[WhiteElo "2172"]
[BlackElo "2268"]
[PlyCount "110"]
[EventDate "2017.??.??"]

1. d4 Nf6 2. Nf3 g6 3. g3 Bg7 4. Bg2 O-O 5. O-O c6 6. Nc3 d5 7. Ne5 Nbd7 8. f4
Nxe5 9. fxe5 Ng4 10. h3 Nh6 11. Be3 f6 12. exf6 exf6 13. Qd2 Nf5 14. Bf2 Nd6
15. Kh2 f5 16. b3 g5 17. Rad1 h6 18. e3 Qe7 19. Na4 Ne4 20. Qe2 b5 21. Bxe4
fxe4 22. Nc5 Rf3 23. Be1 g4 24. Ba5 h5 25. h4 Bf6 26. c4 a6 27. cxd5 cxd5 28.
Rxf3 gxf3 29. Qf2 Bg4 30. Rc1 Rc8 31. Kg1 Kh8 32. Rc3 Rg8 33. Qh2 Qg7 34. Rc2
Bc8 35. Kf2 Qa7 36. Rc1 Qe7 37. Rg1 Bg4 38. Ke1 Rc8 39. b4 Rf8 40. Qf2 Bxd4 41.
Kd2 Bg7 42. Nb3 Rc8 43. Rc1 Rc4 44. a3 d4 45. Bb6 dxe3+ 46. Qxe3 Qd6+ 47. Bd4
Bxd4 48. Nxd4 Qxd4+ 49. Qxd4+ Rxd4+ 50. Ke3 Rd3+ 51. Kxe4 Rxa3 52. Rc2 Rb3 53.
Kf4 Rxb4+ 54. Kg5 Rc4 55. Rd2 Rc6 0-1

[Event "OLNO 1718 SK König Tegel II - Greifswal"]
[Site "?"]
[Date "2017.11.12"]
[Round "3.8"]
[White "Niehaus, Frank"]
[Black "Kalhorn, Stefan"]
[Result "1/2-1/2"]
[WhiteElo "2183"]
[BlackElo "2150"]
[PlyCount "108"]
[EventDate "2017.??.??"]

1. e4 e5 2. Nf3 Nc6 3. Bb5 a6 4. Ba4 Nf6 5. O-O Be7 6. Re1 b5 7. Bb3 d6 8. c3
O-O 9. h3 Na5 10. Bc2 c5 11. d4 Qc7 12. Nbd2 Nc6 13. d5 Nd8 14. a4 Rb8 15. axb5
axb5 16. b4 c4 17. Nf1 Ne8 18. Ng3 g6 19. Nh2 f6 20. f4 exf4 21. Bxf4 Nf7 22.
Nf3 Ng7 23. Nd4 Bd7 24. Qc1 Qb7 25. Qb2 Ra8 26. Rxa8 Rxa8 27. Ra1 Bd8 28. Rxa8
Qxa8 29. Bb1 Bb6 30. Be3 Ne5 31. Qa2 Qa4 32. Qxa4 bxa4 33. Nc2 Bxe3+ 34. Nxe3
f5 35. Nc2 Ne8 36. exf5 Nc7 37. fxg6 hxg6 38. Ne4 Nxd5 39. Na3 Bf5 40. Nxd6
Nxc3 41. Bxf5 gxf5 42. Nxf5 Nd5 43. b5 Kf8 44. Kf1 c3 45. Nd4 Ke7 46. h4 Kd6
47. h5 Kc5 48. Ndc2 Nf6 49. h6 Nf7 50. Ke2 Nxh6 51. Kd3 Nd5 52. Ne3 Nc7 53.
Kxc3 Nxb5+ 54. Nxb5 Kxb5 1/2-1/2

[Event "OLNO 1718 SV Empor Berlin - SC Rotation"]
[Site "?"]
[Date "2017.11.12"]
[Round "3.1"]
[White "Rietze, Clemens"]
[Black "Thinius, Marco"]
[Result "1/2-1/2"]
[WhiteElo "2319"]
[BlackElo "2374"]
[PlyCount "115"]
[EventDate "2017.??.??"]

1. d4 Nf6 2. c4 g6 3. Nc3 d5 4. cxd5 Nxd5 5. Bd2 Bg7 6. e4 Nxc3 7. Bxc3 O-O 8.
Qd2 Nc6 9. Nf3 Bg4 10. Ne5 Nxe5 11. dxe5 Qxd2+ 12. Kxd2 Bh6+ 13. Kc2 c6 14. a4
Be6 15. g3 Rfd8 16. Be2 b6 17. a5 Bg7 18. f4 f6 19. exf6 Bxf6 20. axb6 axb6 21.
Rhd1 Bxc3 22. Rxd8+ Rxd8 23. Kxc3 Kf7 24. Ra6 Rb8 25. g4 c5 26. Ra7 b5 27. Rc7
b4+ 28. Kc2 Rc8 29. Ra7 Kf8 30. f5 gxf5 31. gxf5 Bf7 32. e5 Bd5 33. e6 Be4+ 34.
Bd3 Bxd3+ 35. Kxd3 c4+ 36. Kc2 Rc5 37. Rb7 Rxf5 38. Rxb4 Rf2+ 39. Kc3 Rxh2 40.
Rxc4 Re2 41. b4 Rxe6 42. b5 Ke8 43. Kb4 Kd7 44. Ka5 Re1 45. b6 Ra1+ 46. Kb5
Rb1+ 47. Ka6 Ra1+ 48. Kb7 e5 49. Rb4 Kd6 50. Kb8 Rg1 51. b7 Rg8+ 52. Ka7 Kc5
53. Rh4 Kd5 54. Rxh7 e4 55. Re7 Kd4 56. b8=Q Rxb8 57. Kxb8 e3 58. Rxe3 1/2-1/2

[Event "OLNO 1718 SV Empor Berlin - SC Rotation"]
[Site "?"]
[Date "2017.11.12"]
[Round "3.2"]
[White "Foerster, Jonas"]
[Black "Neumeier, Lars"]
[Result "1/2-1/2"]
[WhiteElo "2268"]
[BlackElo "2359"]
[PlyCount "77"]
[EventDate "2017.??.??"]

1. d4 Nf6 2. Nf3 c5 3. d5 e6 4. c4 b5 5. Bg5 Qb6 6. Bxf6 gxf6 7. e4 bxc4 8.
Nbd2 Bh6 9. Nxc4 Qb4+ 10. Nfd2 Ba6 11. a3 Bxd2+ 12. Qxd2 Qxd2+ 13. Kxd2 Bxc4
14. Bxc4 Ke7 15. b4 Rc8 16. Rhc1 d6 17. Rab1 Nd7 18. Bb5 cxb4 19. Bc6 Rab8 20.
axb4 a6 21. f4 Rb6 22. Bxd7 Kxd7 23. Rxc8 Kxc8 24. Kc3 Rb8 25. Rc1 Rb5 26. Kc4
f5 27. Rd1 Kd7 28. e5 dxe5 29. fxe5 Kc7 30. Rd4 h5 31. g3 Rb8 32. dxe6 fxe6 33.
Rh4 Rb5 34. Rxh5 Rxe5 35. Rh8 a5 36. bxa5 Rxa5 37. Kd4 Kd6 38. Ke3 Ke5 39. Rd8
1/2-1/2

[Event "OLNO 1718 SV Empor Berlin - SC Rotation"]
[Site "?"]
[Date "2017.11.12"]
[Round "3.3"]
[White "Guth, Thomas"]
[Black "Urban, Julian"]
[Result "0-1"]
[WhiteElo "2328"]
[BlackElo "2234"]
[PlyCount "84"]
[EventDate "2017.??.??"]

1. e4 b6 2. Nc3 e6 3. d4 Bb7 4. a3 d6 5. Nf3 g6 6. Bg5 Qd7 7. Bb5 c6 8. Bd3 Bg7
9. Qd2 Na6 10. h4 h6 11. Bf4 Nc7 12. e5 d5 13. Ne2 Ne7 14. Nh2 O-O-O 15. Ng4
Nf5 16. O-O-O Ba6 17. Nf6 Bxf6 18. exf6 Bxd3 19. Qxd3 c5 20. dxc5 bxc5 21. Qc3
Qc6 22. Qe5 Nd6 23. b3 h5 24. Rh3 Ne4 25. Rf3 Rd7 26. Ng3 Nd6 27. a4 Kb7 28.
Rc3 Na6 29. f3 Nb4 30. Kb1 Rc8 31. Ne4 Nxe4 32. fxe4 d4 33. Rg3 Qb6 34. Bd2 Nc6
35. Qf4 c4 36. Qf2 Qa6 37. Be1 Ka8 38. e5 Rb7 39. Ka2 d3 40. Ka3 Nxe5 41. b4 c3
42. Rdxd3 Rxb4 0-1

[Event "OLNO 1718 SV Empor Berlin - SC Rotation"]
[Site "?"]
[Date "2017.11.12"]
[Round "3.4"]
[White "Meissner, Hans-Juergen"]
[Black "Dauth, Benjamin"]
[Result "0-1"]
[WhiteElo "2286"]
[BlackElo "2322"]
[PlyCount "84"]
[EventDate "2017.??.??"]

1. d4 c5 2. d5 e5 3. e4 d6 4. Bb5+ Nd7 5. a4 Ne7 6. Nc3 Ng6 7. g3 Be7 8. h4 O-O
9. Nf3 Nf6 10. h5 Nh8 11. h6 g6 12. Be2 Ne8 13. Be3 f5 14. Qd2 Nf7 15. b3 Bd7
16. Kd1 Nf6 17. Nh2 Nxe4 18. Nxe4 fxe4 19. Bg4 Bf5 20. Be2 Ng5 21. Kc1 a6 22.
a5 Rc8 23. Ra4 Bd7 24. Ra1 Bf6 25. Ng4 Be7 26. Nh2 Nf3 27. Nxf3 exf3 28. Bd3
Bf6 29. Ra3 Qe7 30. Kb1 e4 31. Bc4 Qe5 32. Ra2 Qc3 33. Qxc3 Bxc3 34. Kc1 Rce8
35. Kd1 Re5 36. Rf1 Rh5 37. Kc1 Rh2 38. Rb2 Rf5 39. g4 Rf6 40. g5 Rf5 41. Rb1
Rg2 42. Kd1 Rfxg5 0-1

[Event "OLNO 1718 SV Empor Berlin - SC Rotation"]
[Site "?"]
[Date "2017.11.12"]
[Round "3.5"]
[White "Seils, Joerg"]
[Black "Atkinson, Paul"]
[Result "1-0"]
[WhiteElo "2318"]
[BlackElo "2150"]
[PlyCount "121"]
[EventDate "2017.??.??"]

1. e4 e6 2. d4 d5 3. Nc3 dxe4 4. Nxe4 Nd7 5. Nf3 Ngf6 6. Nxf6+ Nxf6 7. Bg5 c5
8. dxc5 Qa5+ 9. c3 Qxc5 10. Bd3 Bd7 11. O-O Bd6 12. Qd2 Qc7 13. Bxf6 gxf6 14.
Qe2 a6 15. Rfd1 Rg8 16. a4 f5 17. Bxf5 O-O-O 18. Bd3 e5 19. Bxh7 Rg7 20. Qd3
Bc5 21. Bf5 f6 22. g3 Qb6 23. Rd2 Bxf5 24. Qxf5+ Kb8 25. Rxd8+ Qxd8 26. b4 Bf8
27. Kg2 Rc7 28. Ra2 Rxc3 29. Rd2 Qe7 30. b5 axb5 31. axb5 Ka7 32. Rd7 Qc5 33.
Qxf6 Qxb5 34. Nxe5 Rc5 35. Qxf8 Rxe5 36. Qa3+ Kb6 37. Qd6+ Ka7 38. Qd4+ Ka6 39.
Rd6+ b6 40. Rxb6+ Qxb6 41. Qxe5 Qc6+ 42. f3 Qc2+ 43. Kf1 Qd1+ 44. Kf2 Qh1 45.
g4 Qb1 46. h4 Qb6+ 47. Kg2 Qh6 48. Qe2+ Ka7 49. g5 Qd6 50. Qe3+ Ka6 51. h5 Qd5
52. h6 Qf5 53. Kg3 Qb1 54. Qe6+ Ka7 55. Qe7+ Kb6 56. h7 Qg1+ 57. Kf4 Qh2+ 58.
Kf5 Qc2+ 59. Kf6 Qc3+ 60. Kg6 Qd3+ 61. Kg7 1-0

[Event "OLNO 1718 SV Empor Berlin - SC Rotation"]
[Site "?"]
[Date "2017.11.12"]
[Round "3.6"]
[White "Welz, Peter"]
[Black "Bruchmann, Stephan"]
[Result "0-1"]
[WhiteElo "2060"]
[BlackElo "2219"]
[PlyCount "96"]
[EventDate "2017.??.??"]

1. e4 c6 2. d4 g6 3. f4 d5 4. e5 Nh6 5. Nf3 Bg4 6. h3 Bxf3 7. Qxf3 Bg7 8. Bd3
e6 9. O-O Nf5 10. Bxf5 exf5 11. Be3 Na6 12. b3 Qd7 13. c4 Rd8 14. Nc3 Nc7 15.
cxd5 Nxd5 16. Nxd5 Qxd5 17. Qxd5 Rxd5 18. g4 Kd7 19. gxf5 gxf5 20. Kf2 Ke6 21.
Rg1 Bh6 22. Rg2 Rc8 23. Kf3 Rdd8 24. Rc1 a6 25. Rgc2 Bf8 26. Rg1 Bh6 27. Rgc1
Rd5 28. Rg1 Rcd8 29. Rcg2 Rxd4 30. Bxd4 Rxd4 31. Rg8 Rxf4+ 32. Kg2 Kxe5 33. Rb8
Rb4 34. Rd1 Ke6 35. Re8+ Kf6 36. Rd7 Re4 37. Rxe4 fxe4 38. Rxb7 Be3 39. Rc7 c5
40. Rc6+ Ke5 41. Rxa6 f5 42. a4 f4 43. a5 f3+ 44. Kg3 Bd2 45. Ra8 Be1+ 46. Kh2
e3 47. Rf8 Bxa5 48. Rxf3 Ke4 0-1

[Event "OLNO 1718 SV Empor Berlin - SC Rotation"]
[Site "?"]
[Date "2017.11.12"]
[Round "3.7"]
[White "Mueller, Michael"]
[Black "Schabe, Felix"]
[Result "1-0"]
[WhiteElo "2262"]
[BlackElo "1816"]
[PlyCount "59"]
[EventDate "2017.??.??"]

1. d4 Nf6 2. c4 g6 3. Nc3 Bg7 4. e4 d6 5. f3 O-O 6. Bg5 Nc6 7. d5 Nb4 8. a3 Na6
9. Bd3 c6 10. Qd2 Re8 11. Nge2 e6 12. O-O Nc5 13. Bc2 a5 14. Rab1 a4 15. dxc6
bxc6 16. Be3 Nb3 17. Qd1 Na5 18. c5 Nc4 19. Bf2 dxc5 20. Bxa4 Qc7 21. Qc1 Nd7
22. Bc2 Ba6 23. Re1 Reb8 24. Na4 Qa5 25. Nxc5 Nxc5 26. b4 Qxa3 27. Bxc5 Bb2 28.
Qg5 Kg7 29. Nf4 Bf6 30. Nh5+ 1-0

[Event "OLNO 1718 SV Empor Berlin - SC Rotation"]
[Site "?"]
[Date "2017.11.12"]
[Round "3.8"]
[White "Silz, Elisa"]
[Black "Steinhagen, Bernd"]
[Result "0-1"]
[WhiteElo "1970"]
[BlackElo "2237"]
[PlyCount "88"]
[EventDate "2017.??.??"]

1. d4 d5 2. c4 e6 3. Nc3 Nf6 4. Bg5 Nbd7 5. e3 Be7 6. Nf3 O-O 7. Rc1 Re8 8. Bd3
dxc4 9. Bxc4 c5 10. O-O a6 11. Bb3 b5 12. d5 c4 13. dxe6 fxe6 14. Bc2 Nc5 15.
Nd4 Bb7 16. Bxf6 Bxf6 17. Qh5 Nd3 18. Rcd1 e5 19. Rxd3 cxd3 20. Bb3+ Kh8 21.
Ne6 Qb6 22. Ng5 Bxg5 23. Qxg5 e4 24. Nd1 Qf6 25. Qg3 Qe5 26. f4 exf3 27. gxf3
Qxg3+ 28. hxg3 Rac8 29. e4 a5 30. Ne3 a4 31. Bd1 Rc1 32. b3 a3 33. b4 g6 34.
Kg2 Rd8 35. Rf2 d2 36. Rf1 Kg7 37. Kf2 Bc8 38. Bb3 Rxf1+ 39. Kxf1 Kf6 40. Ke2
Be6 41. Nd5+ Bxd5 42. Bxd5 Ke5 43. Kxd2 Kd4 44. Kc2 Rc8+ 0-1

[Event "OLNO 1718 SC Weisse Dame - TSG Oberschö"]
[Site "?"]
[Date "2017.11.12"]
[Round "3.1"]
[White "Rosenthal, Dirk"]
[Black "Waldmann, Hans-Joachim"]
[Result "1-0"]
[WhiteElo "2395"]
[BlackElo "2288"]
[PlyCount "85"]
[EventDate "2017.??.??"]

1. d4 Nf6 2. c4 g6 3. Nc3 Bg7 4. e4 d6 5. Be2 Na6 6. Bg5 c5 7. d5 Nc7 8. f4 O-O
9. Nf3 a6 10. a4 Rb8 11. O-O Bg4 12. Qd2 Nfe8 13. Rae1 f6 14. Bh4 Bh6 15. h3
Bxf3 16. Rxf3 e5 17. dxe6 Nxe6 18. Nd5 b6 19. Bf2 Kh8 20. Rd3 Qd7 21. Bg4 f5
22. exf5 gxf5 23. Bd1 N8g7 24. g3 Qf7 25. Rb3 Qg6 26. Kh2 Ne8 27. Bh5 Qxh5 28.
Rxe6 Bg7 29. Rbe3 b5 30. cxb5 axb5 31. a5 b4 32. Re2 Ra8 33. a6 Qf3 34. R6e3
Qh5 35. Qd3 Rg8 36. Re6 Rf8 37. b3 Qf7 38. Re7 Qg8 39. a7 Bf6 40. Rb7 Bd8 41.
Rxe8 Rxe8 42. Bd4+ Re5 43. Bb2 1-0

[Event "OLNO 1718 SC Weisse Dame - TSG Oberschö"]
[Site "?"]
[Date "2017.11.12"]
[Round "3.2"]
[White "Moeller, Hendrik"]
[Black "Schoewel, Matthias"]
[Result "0-1"]
[WhiteElo "2279"]
[BlackElo "2224"]
[PlyCount "98"]
[EventDate "2017.??.??"]

1. d4 d5 2. c4 e6 3. Nc3 Nf6 4. cxd5 exd5 5. Bg5 Be7 6. e3 c6 7. Bd3 Ne4 8.
Bxe7 Qxe7 9. Qc2 Nxc3 10. Qxc3 O-O 11. Ne2 Nd7 12. O-O Nf6 13. Qc2 Bd7 14. Rac1
Rac8 15. Qa4 Ra8 16. Qb3 b6 17. Ng3 Rfe8 18. Rfe1 g6 19. Rc3 Qd6 20. Rec1 Rac8
21. Ba6 Rc7 22. Qa3 Qxa3 23. Rxa3 Kf8 24. f3 Re6 25. Kf2 Ke7 26. b4 Kd6 27.
Rac3 Bc8 28. Bd3 Bb7 29. h3 Rce7 30. e4 dxe4 31. fxe4 Kd7 32. b5 c5 33. d5 Re5
34. Ra3 h5 35. Rxa7 Kd6 36. Rc4 h4 37. Ne2 Bxd5 38. Rca4 Bxe4 39. Rxe7 Rxe7 40.
Bc4 Bb7 41. Bd3 Ne4+ 42. Kg1 g5 43. Ra7 Kc7 44. Ra3 Nd6 45. Kf2 Re5 46. Rc3 f5
47. a4 f4 48. Rc1 Re3 49. Rc3 Be4 0-1

[Event "OLNO 1718 SC Weisse Dame - TSG Oberschö"]
[Site "?"]
[Date "2017.11.12"]
[Round "3.3"]
[White "Horn, Sven"]
[Black "Uhl, Heinz"]
[Result "1/2-1/2"]
[WhiteElo "2113"]
[BlackElo "2152"]
[PlyCount "31"]
[EventDate "2017.??.??"]

1. e4 c5 2. Nf3 d6 3. d4 cxd4 4. Nxd4 Nf6 5. Nc3 g6 6. Be3 Bg7 7. f3 O-O 8. Qd2
Nc6 9. Bc4 Bd7 10. h4 Rc8 11. Bb3 Ne5 12. O-O-O Nc4 13. Bxc4 Rxc4 14. Kb1 Re8
15. Nde2 Qa5 16. Bg5 1/2-1/2

[Event "OLNO 1718 SC Weisse Dame - TSG Oberschö"]
[Site "?"]
[Date "2017.11.12"]
[Round "3.4"]
[White "Abraham, Ingo"]
[Black "Postler, Reinhard"]
[Result "1-0"]
[WhiteElo "2197"]
[BlackElo "2206"]
[PlyCount "61"]
[EventDate "2017.??.??"]

1. d4 d5 2. c4 c6 3. Nf3 Nf6 4. Qc2 g6 5. Bf4 Bg7 6. e3 O-O 7. Nc3 Be6 8. cxd5
cxd5 9. Bd3 Nc6 10. a3 Rc8 11. h3 Na5 12. Nd2 Bd7 13. O-O a6 14. b4 Nc4 15.
Bxc4 dxc4 16. Be5 Ne8 17. Bxg7 Nxg7 18. Nf3 e6 19. e4 f5 20. Ne5 fxe4 21. Qxe4
Bc6 22. Nxc6 Rxc6 23. Rad1 Qf6 24. d5 exd5 25. Nxd5 Qe6 26. Qd4 Nf5 27. Qc3 Qf7
28. Rfe1 Qg7 29. Re5 Rd6 30. Rde1 b5 31. Qc2 {ZÜ} 1-0